IV jornadas sobre la mediación intercutural 1999 : memoria memoria
Descripción Física:
20 pàgines no numerades : il·lustracions ; 30 cm
MARC
| LEADER | 00000nam a2200000 a 4500 | ||
|---|---|---|---|
| 008 | 220824s1999 spa||||| |||| 00| 0 cat d | ||
| 080 | |a FU-72-64 | ||
| 111 | |9 54284 |a Jornades Formatives sobre Mediació Intercultural |n (4es : |d 1999 : |c Barcelona, Catalunya) | ||
| 245 | 1 | 0 | |a IV jornadas sobre la mediación intercutural 1999 : |b memoria |
| 246 | 1 | 2 | |a Cuartas jornadas sobre la mediación intercutural 1999 |
| 260 | |a Barcelona : |b AMIC : |b Diputació de Barcelona. Àrea de Serveis Socials, |c 1999 | ||
| 300 | |a 20 pàgines no numerades : |b il·lustracions ; |c 30 cm | ||
| 650 | 0 | |a Comunicació intercultural |9 28356 |x Congressos |2 Arxiu | |
| 650 | 0 | |a Immigrants |x Integració |9 54274 | |
| 650 | 0 | |a Congressos i conferències |9 48301 | |
| 710 | 2 | |9 54285 |a Associació d'Ajuda Mútua d'Immigrants a Catalunya | |
| 710 | |9 53159 |a Barcelona (Catalunya : Província). |b Àrea de Serveis Socials | ||
| 942 | |2 udc |c ARXIU |n 1 | ||
| 952 | |0 0 |1 0 |4 0 |6 FU7264 |7 1 |9 63541 |a Arxiu |b Arxiu |d 2022-08-24 |l 0 |o FU-72-64 |p 26531 |r 2022-08-24 00:00:00 |w 2022-08-24 |y ARXIU | ||
| 999 | |c 82617 |d 82617 | ||